01009nam a2200229 a 4500001001000000003000500010005001700015008004100032010001100073011001100084040000900095100003200104245017100136260004100307500006000348502010500408650005100513650005100564650004700615650004700662856007000709000113110CHAP20220329144339.0170425s2016 mx sm |||||||spa d a109571 a110543 cCHAP1 aRivera Martínez, Gerardo.13aEl capital humano y capital social, elementos para el desarrollo territorial en Poytzén Tancanhuitz, San Luis Potosíh[En línea]cpor Gerardo Rivera Martínez. aChapingo, Méx. :bEl autor,c2016. aPara ver el contenido del material haga clic en la liga aTesis (M.C. en Desarrollo Rural Regional ) -- UACH. Dirección de Centros Regionales Universitarios14aCapital humanoxDesarrollozSan Luis Potosí.14aCapital socialxDesarrollozSan Luis Potosí.14aDesarrollo económicozSan Luis Potosí.14aDesarrollo sustentablezSan Luis Potosí. aFinding aiduhttp://10.13.5.2/tesis/sist113110.pdfzTeclea aquí